000
00212 a2200097 4500
001
46836
100
_a
Hendrson W
245
_a
Why the Vietcong fought
260
_a
London
_b
Greenwood
_c
090
_c
29926
_d
29926
942
_a
NUST-CAE
_c
M
_c
22142
999
_c
281909
_d
281909